000
00314nam a2200121Ia 4500
005
20251222155037.0
008
251222s9999||||xx |||||||||||||| ||spa||
082
_a
MEQ.312
100
_a
Ministerio de Saúde
245
0
_a
Abordagem nutricional em diabetes mellitus
264
_b
Ministerio de Saúde
942
_c
LIB
999
_c
36801
_d
36801